000 00399nam a2200157Ia 4500
008 240729s9999 xx 000 0 und d
022 _a2571-9408
245 0 _aHeritage
260 _aSwitzerland
260 _bMDPI AG
650 _a Archaeology
650 _aAuxiliary sciences of history
856 _uhttps://doaj.org/toc/1932be17cc5f432495e6b5d3aa2f2777
942 _2ddc
942 _cDOAJEJ
999 _c74459
_d74459
945 _a1
_bMadushi Gamage
_c1
_dMadushi Gamage